000170907 001__ 170907 000170907 005__ 20260429150232.0 000170907 037__ $$aTAZ-TFG-2025-210 000170907 041__ $$aspa 000170907 1001_ $$aBorra García, Rubén 000170907 24200 $$aThe outlying regulations applicable to hunting activity 000170907 24500 $$aLa regulación periférica aplicable a la actividad cinegética 000170907 260__ $$aZaragoza$$bUniversidad de Zaragoza$$c2025 000170907 500__ $$aAgradecimientos a José Luis Bermejo Latre, José Ramón González Barrientos, Juan José Osácar Jiménez y Nicolás Vicente Urbani Barrios por sus aportaciones y ayuda con este trabajo. Con la colaboración de la Agencia De Recursos Naturales De Soria SLP, el Servicio de Sanidad, Trazabilidad y Bienestar Animal del Gobierno de Aragón, la Federación Aragonesa de Caza y la Federación de Caza de Castilla y León. Dedicado a todos los jóvenes y aficionados a la caza, en especial a mi padre por introducirme a esta apasionante actividad. 000170907 506__ $$aby-nc-sa$$bCreative Commons$$c3.0$$uhttp://creativecommons.org/licenses/by-nc-sa/3.0/ 000170907 520__ $$aLa principal ley reguladora de la actividad cinegética en el estado español, es la Ley 1/1970, de 4 de abril, de caza. Sin embargo, existe otra normativa menos conocida o que puede pasar desapercibida pero cuyo impacto y relación con la caza, la reviste de especial interés para su conocimiento en relación a su correcta aplicación y seguimiento en materias como son la prevención de daños y accidentes o para asegurar la sostenibilidad del ecosistema. En este trabajo se expondrá dicha regulación y su comparativa, abarcando el marco intercomunitario, nacional e incluso internacional.<br /> 000170907 521__ $$aGraduado en Derecho 000170907 540__ $$aDerechos regulados por licencia Creative Commons 000170907 691__ $$a3 15 000170907 692__ $$aEn este trabajo existen varios apartados dedicados a la sotenibilidad del medioambiente siguiendo una correcta planificación cinegética, que por una parte; puede restringir la caza de determinadas especies para asegurar su mantenimiento y conservación o por otra parte, dar permisos especiales de caza a especies cuyos daños a cultivos o a otras especies deban ser controlados para mantener un correcto y equilibrado ecosistema terrestre. Del mismo modo en este trabajo hay otro apartado dedicado a la materia higiénico-sanitaria y como prevenir la trasmisión de zoonosis de animales a humanos entre otras medidas que contribuyen a la salud y bienestar. 000170907 700__ $$aBermejo Latre, José Luis$$edir. 000170907 7102_ $$aUniversidad de Zaragoza$$bDerecho Público$$cDerecho Administrativo 000170907 8560_ $$f826055@unizar.es 000170907 8564_ $$s792227$$uhttps://zaguan.unizar.es/record/170907/files/TAZ-TFG-2025-210.pdf$$yMemoria (spa) 000170907 909CO $$ooai:zaguan.unizar.es:170907$$pdriver$$ptrabajos-fin-grado 000170907 950__ $$a 000170907 951__ $$adeposita:2026-04-29 000170907 980__ $$aTAZ$$bTFG$$cDER 000170907 999__ $$a20250205114512.CREATION_DATE